=LDR 00000nam 2200000 4500 =001 INLIS000000000023208 =990 ##$$a 1201102307 =005 20130612121903 =990 ##$$a DW00014194 =008 ***********************************Ind** =990 ##$$a 0001/BPAP-NTB/20142014 =035 ##$$a0010-061300000023208 =041 ##$$a Ind =082 ##$$a 541.3 =090 ##$$a 541.3, Atk-k =100 ##$$a Atkins, P.W =245 ##$$a Kimia Fisika Jilid 1, P.W. Atkins =260 ##$$a 1999 $b Jakarta =300 ##$$a 528 hlm., ilus., 24 cm =650 ##$$a Kimia-Fisika =850 ##$$a NBPNMAT =990 ##$$a 0001/BPAP-NTB/20142014 =990 ##$$a 08860886 =990 ##$$a 1201102307 =990 ##$$a DW00014194 =990 ##$$a 0001/BPAP-NTB/20142014